| 000 | 00453nam a2200157 i 4500 | ||
|---|---|---|---|
| 001 | 69631 | ||
| 003 | ES-MaACL | ||
| 005 | 20230906170549.0 | ||
| 007 | t| | ||
| 008 | 040708s1961 sp ||||1| spa d | ||
| 100 | 1 |
_aGarcía D. Figar, Antonio. _954397 |
|
| 245 | 1 | 0 |
_aLecciones de orientación cinematográfica / _cAntonio García D. Figar. |
| 260 |
_aMadrid : _bStudium, _c[1961] |
||
| 300 |
_a116 p. ; _c19 cm. |
||
| 852 |
_aES-MaACL _jC-20312 _bR.48420 |
||
| 999 |
_c69631 _d69631 |
||